000 00689nam a22002417a 4500
001 92693
003 UA-OsUOA
005 20210507233002.0
007 ta
008 20121221b un ||||| |||| 00| 0 ukr d
040 _aUA-OsUOA
_brus
_cUA-OsUOA
_dUA-OsUOA
041 _arus
080 _a82.161.2
090 _a82.161.2
_bБ81
100 _aБондарев Ю.
245 _aГорячий снег
_bроман
260 _aМ.
_bСов. писатель
_c1977
300 _a384 с.
650 7 _a82 Література. Літературознавство
_2UDC
942 _cBK
_2udc
955 _a3
999 _c379054
_d379054